[Event "76th ARM-ch Women 2021"]
[Site "Yerevan"]
[Date "2021.02.24"]
[Round "8.5"]
[White "Ghukasyan, Siranush"]
[Black "Grigoryan, Arpine"]
[Result "1/2-1/2"]
[WhiteElo "2222"]
[BlackElo "2091"]
[Annotator "TA"]
[PlyCount "40"]
[EventDate "2021.02.16"]
[EventType "tourn"]
[EventCountry "ARM"]
[SourceTitle "playchess.com"]
[Source "ChessBase"]
[SourceQuality "1"]

{[%evp 23,40,0,0,0,0,0,0,-9,0,0,6,-13,0,-13,-12,-21,0,-25,-10]} 1. e4 c6 2. d4 d5 3. exd5 cxd5 4. Bd3 Nc6 5. c3 Nf6 6. Bf4 g6 7. Nf3 Bg7 8. O-O O-O 9. Nbd2 Nh5 10. Bg3 Nxg3 11. hxg3 e5 12. dxe5 Nxe5 13. Nxe5 {B13: Caro-Kann: Exchange Variation and Panov-Botvinnik Attack.} Bxe5 14. Nf3 Bg7 15. Bc2 {[#] The position is equal.} Qb6 $146 ({Predecessor:} 15... Bg4 16. Bb3 d4 17. cxd4 Bxf3 18. Qxf3 Qxd4 19. Qxb7 Rab8 20. Qe7 Bf6 21. Qa3 Qxb2 22. Qxb2 Bxb2 23. Rab1 Bd4 24. Rfd1 Bb6 25. Rd7 Rbd8 26. Rbd1 {½-½ (26) Zcharov,G-Dyce,A Rimavska Sobota 1992}) 16. Bb3 Be6 17. Qd2 Rfd8 18. Rfd1 a5 {next ...a4 is good for Black.} 19. Ba4 Bg4 20. Qc2 Bxf3 {A rather calm draw.  Weighted Error Value: White=0.10/Black=0.07} 1/2-1/2

[Event "76th ARM-ch Women 2021"]
[Site "Yerevan"]
[Date "2021.02.25"]
[Round "9.1"]
[White "Khachatryan, Anna"]
[Black "Arakelyan, Nare"]
[Result "0-1"]
[WhiteElo "2086"]
[BlackElo "1953"]
[Annotator "TA"]
[PlyCount "70"]
[EventDate "2021.02.16"]
[EventType "tourn"]
[EventCountry "ARM"]
[SourceTitle "playchess.com"]
[Source "ChessBase"]
[SourceQuality "1"]

{[%evp 9,70,10,12,14,29,-15,-20,-10,-6,-2,0,-1,-10,-18,-6,-5,-15,-8,-8,-14,-5,-16,-14,-19,-13,-29,-18,-14,-26,-79,-37,-38,-41,-43,-13,-23,0,-6,-8,-9,0,-11,0,-8,-5,0,-8,-6,3,0,0,-21,-10,-12,-12,-47,-63,-222,-227,-2250,-2266,-2034,-2032]} 1. d4 d5 2. c4 c6 3. cxd5 cxd5 4. Bg5 h6 5. Bh4 Qb6 6. Nc3 {D10: Slav Defence: 3 cxd5 (without early Nf3) and 3 Nc3.} e5 7. Nxd5 {aiming for Qd2.} (7. Qb3 {seems wilder.} Qxb3 8. axb3 Be6 9. dxe5 d4 10. Nb5) 7... Bb4+ 8. Nxb4 {The position is equal.} Qxb4+ {[%mdl 64] Double Attack} 9. Qd2 Qxd2+ 10. Kxd2 exd4 11. Nf3 Nc6 {[#]} 12. e3 $146 ({Predecessor:} 12. Re1 Be6 13. e3 dxe3+ 14. Rxe3 g5 15. Bg3 Rd8+ 16. Bd3 Nf6 17. Ne5 O-O 18. Nxc6 bxc6 {0-1 (64) Kashlinskaya,A (2447)-Tomilova,E (2328) Sochi 2018}) 12... dxe3+ (12... g5 $5 13. Bg3 $8 dxe3+ 14. fxe3 (14. Kxe3 Nf6 $15) 14... Bf5 $11) 13. fxe3 g5 14. Be1 Nf6 15. Bc4 O-O 16. Ke2 Re8 17. Bc3 Ng4 18. Bd2 Be6 19. Bb5 (19. Rac1 $11 {keeps the balance.}) 19... Bd5 (19... a6 $5 {[%cal Ra6b5]} 20. h3 axb5 21. hxg4 Kg7 $17) 20. h3 Nf6 21. Rhd1 a6 22. Bd3 Ne4 23. Bxe4 Bxe4 24. Bc3 Re6 25. Kf2 Rae8 26. Nd4 Rf6+ 27. Kg1 Ne5 28. Nb3 Rg6 29. Nc5 Bc6 30. Bd4 g4 {...gxh3 is the strong threat.} 31. h4 g3 32. Rac1 Rg4 33. Nxa6 $2 Rxh4 $19 {( -> ...Nf3+!)} ({Not} 33... bxa6 34. Bxe5 Rxe5 35. Rxc6 $15) 34. Nb4 $2 {[#]} (34. Rf1) 34... Nf3+ $1 {[%mdl 512]} 35. Kf1 Bb5+ {Weighted Error Value: White=0.42/Black=0.05} 0-1

[Event "76th ARM-ch Women 2021"]
[Site "Yerevan"]
[Date "2021.02.25"]
[Round "9.2"]
[White "Mkrtchyan, Mariam"]
[Black "Avetisyan, Mariam"]
[Result "1-0"]
[WhiteElo "2075"]
[BlackElo "2092"]
[Annotator "TA"]
[PlyCount "69"]
[EventDate "2021.02.16"]
[EventType "tourn"]
[EventCountry "ARM"]
[SourceTitle "playchess.com"]
[Source "ChessBase"]
[SourceQuality "1"]

{[%evp 10,69,5,-20,10,-1,15,9,0,4,17,-11,0,0,13,8,14,10,31,27,18,4,27,19,17,-45,-51,-64,-37,-52,-44,-37,-36,-90,-39,-64,-41,-43,-19,-61,-61,-75,-41,-168,-160,-173,-80,-236,-204,-219,-73,-95,-112,-92,-125,-137,-118,-146,-126,-114,29997,29998]} 1. g3 Nf6 2. Bg2 d5 3. Nf3 e6 4. O-O Be7 5. d3 O-O 6. Nbd2 a5 {A07: Réti Opening: New York and Capablanca Systems.} 7. a4 Nc6 8. e4 dxe4 {The position is equal.} 9. dxe4 e5 10. c3 Be6 11. Qe2 Nd7 12. Nc4 {[#]} Qb8 $146 ({Predecessor:} 12... f6 13. Rd1 Qe8 14. Ne3 Nc5 15. Nd5 Bd6 16. Qc4 Ne7 17. Be3 b6 18. Bxc5 Bxc5 {0-1 (40) Petrosian,T (2601)-Kravtsiv,M (2672) Riadh 2017}) 13. Ne3 Nb6 14. h4 f6 15. h5 Bc5 16. Nh4 Ne7 17. Bf3 ({White should try} 17. Nhf5 $11) 17... Qe8 $15 18. Bg4 Bf7 19. h6 g6 20. Qc2 Rd8 21. Kh2 (21. Be2 $15) 21... Qc6 (21... Nc4 $17) 22. b3 Nbc8 23. Bh3 Qa6 24. Ng4 Be6 {And now ...Bxg4 would win.} 25. Be3 Bxg4 26. Bxg4 ({White has to play} 26. Bxc5 $15 Bxh3 27. Kxh3) 26... Bxe3 $19 27. fxe3 Qd3 (27... Nd6 $19 28. Rad1 Qc6) 28. Qf2 $2 (28. Qxd3 $17 Rxd3 29. Rad1 Rxd1 30. Be6+ (30. Rxd1 Nd6 $15) 30... Kh8 31. Rxd1) 28... Nd6 ({Don't play} 28... Qxc3 29. Rfc1 $17 (29. Rac1 Qxb3 30. Rxc7 Kh8 $17)) (28... Qxe4 29. Bf3) 29. Rfd1 Qxc3 ({Wrong is} 29... Qxe4 $2 30. Bf3 $18) (29... Nxe4 $19 {is more deadly.} 30. Qg2 Qxe3) 30. Be6+ $17 Kh8 31. Rac1 {[%cal Ba1c1,Bc1c7,Bc7h7][%mdl 32]} Qb4 {Hoping for ...c6.} ({But not} 31... Nxe4 $6 32. Rxd8 Rxd8 33. Rxc3 $11) 32. Rxc7 Nxe4 33. Qc2 {[#]} Ng5 $1 {[%cal Rg5e6]} 34. Bc4 Ng8 $2 {[%mdl 8192] [#]} (34... e4 $17 35. Qe2 b6) 35. Rxh7+ $1 {[%mdl 576] Remove Defender. What a bad dream for Black.  Weighted Error Value: White=0.25/Black=0.42} 1-0

[Event "76th ARM-ch Women 2021"]
[Site "Yerevan"]
[Date "2021.02.25"]
[Round "9.3"]
[White "Gevorgyan, Maria"]
[Black "Ghukasyan, Siranush"]
[Result "0-1"]
[WhiteElo "2228"]
[BlackElo "2222"]
[Annotator "TA"]
[PlyCount "175"]
[EventDate "2021.02.16"]
[EventType "tourn"]
[EventCountry "ARM"]
[SourceTitle "playchess.com"]
[Source "ChessBase"]
[SourceQuality "1"]

{[%evp 19,175,0,12,-16,4,-69,-87,-95,47,35,111,13,25,25,45,31,94,94,94,99,97,94,97,103,108,101,101,109,131,108,126,150,152,123,136,126,131,41,71,64,66,67,95,88,302,81,143,57,44,0,8,8,4,8,14,0,0,0,7,7,7,0,0,0,0,0,0,0,0,0,0,-2,0,0,58,53,320,299,389,389,389,383,358,170,175,150,148,159,149,151,138,154,169,0,0,-50,249,-8,-8,-8,-8,-8,-8,-8,0,0,0,0,0,-56,0,0,0,-250,-210,-180,-182,-152,-112,-82,-10,-21,-21,-42,-8,-8,-8,-8,0,-8,0,0,0,0,0,0,0,0,0,0,0,0,8,8,8,-29965,-29940,-29979,-29980,-29980,-29981,-29982,-29983,-29985,-29984,-29984,-29985,-29985]} 1. e4 e5 2. Nf3 Nc6 3. Bc4 Bc5 4. c3 Nf6 5. d3 d6 6. Bb3 a6 7. Nbd2 O-O 8. O-O Be6 9. Bc2 d5 {9...h6 is setting a new trend.} 10. h3 h6 11. Qe2 {C54: Giuoco Piano: 4 c3 Nf6, main lines with 5 d4 and 5 d3.} Nh5 {[#] Threatens to win with ...Ng3.} 12. d4 $146 (12. exd5 $11 Ng3 13. Qd1 Qxd5 14. Re1) ({Predecessor:} 12. exd5 Nf4 13. Qd1 Bxd5 14. Nb3 Bd6 15. Bxf4 exf4 16. d4 Re8 17. Nbd2 Qf6 18. Re1 Rxe1+ 19. Qxe1 {1-0 (49) Reyer,U-Rassler,A GER email 2008}) 12... exd4 $15 13. Nxd4 {Black is better.} Bxd4 (13... Nf4 $17 14. Qf3 Nxh3+ $1 {[%mdl 512]} 15. gxh3 Bxd4) 14. Qxh5 $14 Bb6 {[#]} (14... g6 $14 15. Qxh6 Bg7) 15. Nf3 (15. Rd1 $1 $16) 15... dxe4 $11 16. Bxe4 {Black must now prevent Bxh6!} f5 17. Bxc6 bxc6 (17... Bf7 $1 $14 18. Qxf5 bxc6) 18. Bxh6 $1 $16 Bf7 19. Qg5 Qxg5 20. Bxg5 Rfe8 21. Rfe1 Rxe1+ 22. Rxe1 Bxa2 23. Nh4 Kh7 24. Re5 ({Don't go for} 24. Nxf5 $2 Kg6 $19) 24... f4 25. Bxf4 Rd8 26. g4 Rd1+ 27. Kg2 Bd5+ 28. f3 (28. Nf3 $16) 28... Rg1+ 29. Kh2 Rb1 30. Re2 a5 31. g5 g6 $2 (31... Kg8 $16) 32. Be5 $2 (32. Re7+ $18 {is the precise move to win.} Kg8 33. Nxg6) 32... Kg8 (32... Bc5 $142) 33. Bf6 ({Better is} 33. Nxg6 $16 Bxf3 34. Rd2) 33... Bc5 $14 34. Be5 Bc4 35. Rg2 Be3 36. Kg3 Kf7 {With the idea ...Bc1.} 37. Bf4 Bb6 38. Rd2 a4 39. Ng2 Rg1 $1 40. Kh2 Rf1 41. Nh4 Bd5 42. Kg3 Rg1+ 43. Rg2 Rb1 44. Be5 Be3 45. Bf6 Bc4 {aiming for ...Bc1.} 46. f4 $1 Bc1 (46... Rf1 $11 47. Be5 Bd5) 47. Nf3 Ke6 48. Rg1 Bd3 49. Re1+ Kd5 50. h4 Kc5 51. c4 (51. h5 $142 gxh5 52. f5) 51... Kb4 {If Black can now play ...c5 this consolidates a bit.} 52. h5 gxh5 53. Ne5 Bc2 54. Re2 Kb3 55. Nxc6 Bd3 {[#]} 56. Rf2 (56. Re8 $1 $18 {[%cal Re8b8]} Bd2 57. Rb8+ Kc2 58. Nd4+ Kc1 59. Ra8) 56... Bxb2 $11 {Strongly threatening ...a3.} 57. Na5+ Ka3 $2 {[%mdl 8192]} (57... Ka2 $15) 58. Be7+ $2 ({White must play} 58. Bxb2+ $18 Rxb2 59. Rf3) 58... Ka2 59. f5 Ka1 60. f6 {Rxb2 is the strong threat.} Be5+ 61. Kf3 {And now Nc6 would win.} Bg6 62. Nc6 Rb3+ 63. Ke2 Rb2+ 64. Kf3 (64. Ke3 $11 Rb3+ 65. Ke2 Rb2+ 66. Kf3 Rb3+ 67. Kg2 (67. Ke2 Rb2+ $11) 67... Be4+ 68. Kf1 Bxc6 69. f7) 64... Rb3+ (64... Rxf2+ $15 65. Kxf2 Bf4) 65. Kg2 Be4+ {[%mdl 64] Double Attack} 66. Kg1 $2 (66. Kf1 $11 {and White stays safe.} Rb1+ 67. Ke2 Bxc6 68. f7 Rb2+ 69. Ke3 Rb3+ 70. Kd2) 66... Rg3+ (66... Rb1+ 67. Rf1 $11) 67. Kf1 Bd3+ {[%mdl 64] Double Attack} ({Stronger than} 67... Bxc6 68. f7 $11) 68. Re2 Rxg5 69. f7 Rf5+ (69... Bxe2+ $17 70. Kxe2 Rf5) 70. Kg2 {Hoping for Re1+.} Bxe2 71. Nxe5 Rxf7 72. Nxf7 Bxc4 73. Ne5 Bd5+ 74. Kf2 Kb2 75. Nd3+ Kc3 76. Ke3 c6 77. Bf6+ Kb3 78. Nc5+ Kb4 79. Nd3+ Ka3 80. Kd4 Ka2 81. Kc3 a3 82. Kc2 $2 {[%mdl 8192]} (82. Ne1 $11) 82... Be4 {Black mates.} 83. Be5 Bxd3+ 84. Kxd3 Kb1 85. Kc4 a2 86. Kc5 a1=Q 87. Bxa1 Kxa1 88. Kd4 {A wild game.  Weighted Error Value: White=0.34/Black=0.32} 0-1

[Event "76th ARM-ch Women 2021"]
[Site "Yerevan"]
[Date "2021.02.25"]
[Round "9.4"]
[White "Gaboyan, Susanna"]
[Black "Khachatryan, Veronika"]
[Result "1-0"]
[WhiteElo "2211"]
[BlackElo "1767"]
[Annotator "TA"]
[PlyCount "79"]
[EventDate "2021.02.16"]
[EventType "tourn"]
[EventCountry "ARM"]
[SourceTitle "playchess.com"]
[Source "ChessBase"]
[SourceQuality "1"]

{[%evp 20,79,58,63,66,66,58,60,50,-4,-8,-22,-7,-12,0,0,0,0,0,0,0,0,70,85,62,58,120,98,168,166,154,148,337,330,409,406,438,431,427,427,799,792,746,634,619,613,816,804,778,655,1157,1133,1118,1093,1165,1088,1614,1510,29972,29971,6460,4822]} 1. e4 c5 2. Nf3 Nc6 3. d4 cxd4 4. Nxd4 g6 5. Nc3 Bg7 6. Be3 Nf6 7. Bc4 O-O 8. Bb3 a5 9. O-O a4 10. Nxa4 Nxe4 11. Nb5 {Black must now prevent Bb6.} d5 {White should prevent ...d4. B35: Sicilian: Accelerated Dragon with 5 Nc3: main line.} 12. Bb6 Qd7 13. Qe2 Nd6 {White is slightly better.} 14. Rad1 {[#]} (14. Nc5 $14 Qg4 15. Qxg4 Bxg4 16. Nc7) 14... Rxa4 $1 $11 {[#]} 15. Nxd6 $146 (15. Bxa4 Nc4) ({Predecessor:} 15. Bxa4 Nc4 16. Bc5 Nxb2 17. Bb3 Nxd1 18. Rxd1 d4 19. c3 e5 20. Bxf8 Kxf8 21. cxd4 exd4 {1-0 (47) Felgendreher,H (2234)-Trauth,M (2109) Arco 2018}) 15... Ra6 16. Nxc8 Qxc8 17. Bc5 b6 18. Ba3 (18. Bxe7 $2 Re8 $17) 18... d4 19. Bd5 ({Not} 19. Bxe7 $2 Re8 $19) 19... Ra5 20. Qe4 Na7 ({Black should play} 20... Nd8 $11) 21. Bb4 $14 ({Reject} 21. Bxe7 Re8 $11) 21... Rb5 22. a3 {[%cal Ba2a3,Ba3b4][%mdl 32]} ({Much weaker is} 22. Bxe7 Re8 $11) 22... Re8 (22... Bf6 $14) 23. c4 $1 $16 {[%cal Rc4b5]} Rxb4 24. axb4 $18 e6 {[#]} 25. Bb7 {[%cal Rb7c8]} Qxc4 {[#] Loses the game.} (25... Qb8 $16 26. c5 Re7) 26. Ra1 $1 f5 27. Qf3 Nb5 28. Qc6 Qxc6 29. Bxc6 Nd6 (29... Rd8 $142 30. Bxb5 d3) 30. Bxe8 Nxe8 31. Ra8 Kf7 32. Rfa1 Nd6 33. R1a7+ Kf6 34. Rd7 Nb5 35. f4 Bh6 36. g3 g5 37. Rxh7 Kg6 38. Re7 gxf4 39. Rxe6+ {[%mdl 64] Double Attack} Kg7 40. Rxb6 {Weighted Error Value: White=0.14/Black=0.38} 1-0

[Event "76th ARM-ch Women 2021"]
[Site "Yerevan"]
[Date "2021.02.25"]
[Round "9.5"]
[White "Grigoryan, Arpine"]
[Black "Hakobyan, Astghik"]
[Result "1-0"]
[WhiteElo "2091"]
[BlackElo "1820"]
[Annotator "TA"]
[PlyCount "67"]
[EventDate "2021.02.16"]
[EventType "tourn"]
[EventCountry "ARM"]
[SourceTitle "playchess.com"]
[Source "ChessBase"]
[SourceQuality "1"]

{[%evp 23,67,45,27,36,103,104,107,80,63,0,100,90,104,111,116,122,145,142,281,250,406,405,397,391,370,389,377,307,315,306,299,293,405,395,832,818,952,610,567,590,953,937,29993,29994,29998,29999]} 1. e4 e6 2. d4 d5 3. Nc3 Bb4 4. e5 c5 5. a3 Bxc3+ 6. bxc3 Ne7 7. Qg4 Qc7 8. Bd3 cxd4 9. Ne2 dxc3 10. Qxg7 Rg8 11. Qxh7 Nbc6 12. Bf4 Bd7 13. Bg3 {C18: French: 3 Nc3 Bb4: Main line: 7 h4 and 7 Qg4.} O-O-O (13... Nxe5 $14 14. O-O O-O-O) 14. Qxf7 $16 Rdf8 15. Qh5 {White is better.} Be8 16. Qh4 ({Better is} 16. Qh7 $14) 16... Nf5 (16... Bg6 $11 {remains equal.}) 17. Bxf5 {Black is now going downhill.} Rxf5 18. O-O Qg7 19. Nxc3 Nxe5 {[#] Strongly threatening ...Ng4.} 20. Qb4 {[#]} Bc6 $146 (20... Qd7 $16 {might work better.} 21. Qc5+ Qc6) ({Predecessor:} 20... Nc6 21. Qd6 Qd7 22. Nb5 e5 23. Rfd1 d4 24. Qc5 b6 25. Qc4 Bf7 26. Qxc6+ Qxc6 27. Nxa7+ {1-0 (42) Ivanovic,M (2247)-Sarvadh,S (2150) Paracin 2020}) 21. Rfe1 $18 ({Less strong is} 21. Qd6 Qd7 $16) 21... Kd7 (21... d4 {was worth a try.}) 22. Nb5 {Hoping for Qd6+.} Nc4 23. Nxa7 e5 24. Nxc6 bxc6 25. Rab1 Qe7 26. Qb7+ Kd6 {If Black can now play ...Qxb7 this consolidates a bit.} 27. Qa6 Qg5 28. Rbd1 {[%cal Bb1d1,Bd1d4,Bd4b4][%mdl 32] Qxc4 is the strong threat.} Nb2 (28... Rf4 29. Rd3 Nb2) 29. Rd4 Qh5 30. Rb4 Nc4 31. f3 Rf4 32. Rd1 Kc7 {[#]} 33. Rxd5 $3 {[%mdl 576] Back Rank} cxd5 (33... Qxh2+ 34. Kxh2) 34. Rb7+ {Weighted Error Value: White=0.23/Black=0.89} 1-0